01857ngm a22002051i 450000100060000009000100000610000410001620000600005710100130011721500380013030000440016833009410021270000250115321000420117899601000122099601090132099000150142999501030144499501040154724582 a24582 a20120424u u u0frey50 ba1 aA rainhaeuma rainha da nação, uma princesa do povo1 aengceng d1 DVD (aprox. 98 minutos) : 19 cm aNº de registo 1435/2007. - M/ 12 anos a31 de Agosto de 1997. O Mundo acorda em choque com a morte de Diana, Princesa de Gales. Alguns dias mais tarde, milhões de pessoas acompanhariam, em directo, o seu funeral. Mas, imediatamente após a morte da Princesa Diana, o hermético e conservador mundo da Rainha de Inglaterra colidiria com um moderno e recém eleito Primeiro Ministro - Tony Blair. A Rainha especula sobre a batalha épica que se terá travado entre a família Real e o Governo Britânico durante esses dias...enquanto uma Nação em luto aguardava decisões por parte dos seus líderes. Com desempenhos notáveis de Helen Mirren no papel da Rainha(recém galardoada com o prémio de melhor Actriz no festival de Veneza) e de Michael Sheen no appel de Tony Blair, a Rainha conta com um argumento exímio de Peter Morgan (também reconhecido com o prémio de melhor argumento no festival de Veneza) e a realização do veterano Stephen Frears. 1aFrearsbStephen4370 cLNK AudiovisuaisaCruz Quebradad2007 f0017383kFREuM/ 12 anosm00000000n00000000aBMVAAGb4vAguiarxDVDs / CD-Romsy106eDVD1031 f0020154kFREuM/ 12 anosm00000000n00000000aBMVAb1vViana do AlentejoxDVDs / CD-Romsy106eDVD1031 cFILMES DVD 0010933510bBMVAAGdBMVAAGeDVDs / CD-Romsf0000172VIkFREm2018-10-11o0rFILMES DVDuM/ 12 anos 0010933511bBMVAdBMVAeDVDs / CD-Romsf0000683VIkFREo0rFILMES DVDuM/ 12 anosaBMVAcBMVAq106